Cultivos biotecnológicos imparables (Registro nro. 16399)
[ vista simple ]
| 000 -CABECERA | |
|---|---|
| Campo de control | 004910000a22001690004500 |
| 090 ## - CLASIFICACIÓN LOCAL | |
| Colección | SERIADAS |
| 041 0# - IDIOMA | |
| Código de idioma para texto/pista de sonido o título separado | |
| 044 ## - PAÍS DE PUBLICACIÓN | |
| País de publicación | |
| 100 1# - ASIENTO PRINCIPAL--NOMBRE PERSONAL | |
| Nombre personal | Díaz Durán, Luisa |
| 245 10 - MENCION DE TITULO | |
| Título | Cultivos biotecnológicos imparables |
| Version | crecen un 9.4% en 2008 |
| 773 1# - Item fuente: | |
| Título | Innovación y Ciencia |
| Descripción física | 1 |
| Paginas del Articulo | 12-16 |
| Lugar, editorial y fecha de publicación | 2009 |
| Información sobre la relación | 16 |
| 942 ## - ELEMENTOS ADICIONALES (KOHA) | |
| Tipo de ítem | Artículo |
No hay ítems disponibles.